00325 2200133 4500001002100000005001500021035002000036245005800056100002700114300001200141260001500153082001100168990001200179INLIS00000000000213720250527112749 a0010-05250004291 aVisualisasi Kepribadian /cDr. Aidh Bin Abdullah Aliq0 aAidh Bin Abdullah Aliq a256 hlm bIBS,c2006 a155.25 a0712688